Countries The Cranberries Visited - Statistics

General Stats
  • This quiz has been taken 7 times
  • The average score is 47 of 50
Answer Stats
Continent Country % Correct
South America Argentina
100%
Oceania Australia
100%
Europe Austria
100%
Europe Belgium
100%
South America Brazil
100%
North America Canada
100%
South America Chile
100%
Asia China
100%
Europe Croatia
100%
Europe Denmark
100%
South America Ecuador
100%
Europe Finland
100%
Europe France
100%
Europe Germany
100%
Europe Greece
100%
Europe Hungary
100%
Asia India
100%
Asia Indonesia
100%
Europe Ireland
100%
Asia Israel
100%
Europe Italy
100%
Asia Japan
100%
North America Mexico
100%
Europe Netherlands
100%
Oceania New Zealand
100%
Europe Norway
100%
Asia Philippines
100%
Europe Poland
100%
Europe Portugal
100%
Asia/ Europe Russia
100%
Europe Serbia
100%
Asia Singapore
100%
Africa South Africa
100%
Asia South Korea
100%
Europe Sweden
100%
Asia/ Europe Turkey
100%
Europe United Kingdom
100%
North America United States of America
100%
South America Venezuela
100%
Asia Malaysia
83%
Europe Monaco
83%
South America Peru
83%
Europe Romania
83%
Europe Spain
83%
Asia Thailand
83%
Europe Czech Republic
67%
Europe Luxembourg
67%
Europe Slovakia
67%
Europe Switzerland
67%
Asia Taiwan
67%
No matching quizzes found
Score Distribution
Percent of People with Each Score
Percentile by Number Answered
Your Score History
You have not taken this quiz